000 00589nam a2200193 4500
005 20240930111320.0
010 _aENG-141827
020 _a9789380658414
_c250.00
035 _aEN-125359
037 _bDBAD/PUB
082 _aN
100 _aSafi Ibne
_972172
245 _aDoctor Dread:
_cTranslated by Faruqi Shamshur Rahman
260 _aChennai
_bBlaft Publication Pvt. Ltd.
_c1957
270 _a4/92 Ellaiammam Koli St.
_bChennai
_e1600041
_mbaft.com
300 _a187p.
_c21cm(Sb)
700 _aIBNE Safi
_eTranslated by Faruqi Rahman Shamshur
_972163
942 _2ddc
_cEN
_hN
_mSAF
999 _c205996
_d205996